Bytový dom
Uložené v:
| Hlavný autor: | |
|---|---|
| Ďalší autori: | |
| Médium: | Rukopis Kniha |
| Jazyk: | Slovak |
| Vydavateľské údaje: |
2025
|
| Predmet: | |
| On-line prístup: | http://is.stuba.sk/zp/portal_zp.pl?podrobnosti=191733 CRZP |
| Tagy: |
Žiadne tagy, Buďte prvý, kto otaguje tento záznam!
|
MARC
| LEADER | 00000ntm a22000003a 4500 | ||
|---|---|---|---|
| 001 | stuzp105388 | ||
| 003 | SK-STU | ||
| 005 | 20250721112255.2 | ||
| 007 | ta | ||
| 008 | 150427s2015----xo-----f-mn---000-0-slo-d | ||
| 040 | |a STU |b slo | ||
| 041 | 0 | |a slo | |
| 100 | 1 | |a Bobok, Tomáš |u 010270 |4 aut |U SvF Stavebná fakulta |T SvF Katedra technológie stavieb |X 110089 |U V270 |Y 28 |7 110089 | |
| 242 | 0 | 1 | |a Residential house |y eng |
| 245 | 1 | 0 | |a Bytový dom |
| 260 | |c 2025 | ||
| 650 | 4 | |a Bytový dom |2 slo | |
| 650 | 4 | |a Vegetačná strecha |2 slo | |
| 650 | 4 | |a Extenzívna vegetačná strecha |2 slo | |
| 650 | 4 | |a Flat house |2 eng | |
| 650 | 4 | |a Green roof |2 eng | |
| 650 | 4 | |a Extensive green roof |2 eng | |
| 700 | 1 | |a Bisták, Andrej |u 901131 |k Z7 |4 ths |U Rektorát STU |T Útvar práce s verejnosťou |X 66824 |U 901131 |Y 299 |7 A000066824 | |
| 856 | 4 | |u http://is.stuba.sk/zp/portal_zp.pl?podrobnosti=191733 | |
| 856 | 4 | |u https://opac.crzp.sk/?fn=detailBiblioForm&sid=4013D2F8FE5692F459CD214F6B33 |z CRZP | |